01282cam a2200325 a 4500001001400000003000800014005001700022006001900039007001500058008004100073020003800114040003000152049002600182050001100208082001500219100002100234245009700255260002800352300004500380520024000425521001700665588004700682650003000729655002900759710001600788776003500804856008200839942001600921999001900937EDZ0000084986StDuBDS20161031105152.0m||||||||d||||||||cr |||||||||||120516s1997 enkab fo| 000|0|eng|d a9781446221846 (ebook) :cNo price aStDuBDSbengcStDuBDSepn aAlfaisal Main Library 4aHD58.704a302.352231 aBurrell, Gibson.10aPandemoniumh[electronic resource] :btowards a retro-organization theory /cGibson Burrell. aLondon :bSAGE,cc1997. a1 online resource (244 p.) :bill., map.8 aChallenging the underlying assumptions and values of contemporary linear organisation theory, this book examines what the author sees as wrong with society, and suggests a new style of organisation theory and practice to effect change. aSpecialized. aDescription based on print version record. 0aOrganizational sociology. 7aElectronic books.2local2 aSage eBooks08iPrint version :z978080397777840uhttp://ezproxy.alfaisal.edu/login?url=http://sk.sagepub.com/books/pandemonium 2lcccEBOOKS c480833d480833